| 000 | 00420nam a22001697a 4500 | ||
|---|---|---|---|
| 003 | SEACOMEC | ||
| 005 | 20240410154432.0 | ||
| 008 | 240410b |||||||| |||| 00| 0 eng d | ||
| 020 |
_a 9788183715645 _cRs. 360.00 |
||
| 040 | _aSEACOMEC | ||
| 041 | _aEnglish | ||
| 082 |
_a620.1 _bPR895 |
||
| 100 | _aProbhu , T. J. | ||
| 245 |
_aEngineering Mechanics _c T. J. Probhu |
||
| 260 |
_aChennai _bScitech _c2005 |
||
| 942 | _cBOOK | ||
| 999 |
_c884 _d884 |
||